00330nam a2200133Ia 4500008004100000020001500041041001200056082001600068100001200084245005300096260002500149300000800174650001400182221030s9999 xx 000 0 und d a8120324455 aEnglish a105.23bRaj aR. Mall 0aFundamentals Of Software Engineeringcby R. Mall bPHIaNew Delhic2006 a336 aComputers